Inter Miami Starting Lineup - Statistics

General Stats
  • This quiz has been taken 19 times
  • The average score is 8 of 11
Answer Stats
Hint Answer % Correct
ST Lionel Messi
100%
ST Luis Suárez
100%
CDM Sergio Busquets
100%
LB Jordi Alba
90%
GK Drake Callender
80%
RM Tadeo Allende
70%
CB Maxi Falcon
60%
LM Telasco Segovia
60%
CB Tomas Aviles
60%
RB Chelo Weigandt
40%
CDM Yannick Bright
40%
No matching quizzes found
Score Distribution
Percent of People with Each Score
Percentile by Number Answered
Your Score History
You have not taken this quiz